书目信息 |
| 题名: |
大汉天娇窦太后
|
|
| 作者: | 李古寅 , 张蕾 编著 | |
| 分册: | ||
| 出版信息: | 北京 中国文史出版社 2007.01 |
|
| 页数: | 198页 | |
| 开本: | 21cm | |
| 丛书名: | 盛世女杰史谜丛书 | |
| 单 册: | ||
| 中图分类: | K827 | |
| 科图分类: | ||
| 主题词: | 皇太后--huang tai hou--生平事迹--中国--西汉时代 | |
| 电子资源: | ||
| ISBN: | 9787503419133 | |
| 000 | 00909nam 2200253 450 | |
| 001 | 012007197981 | |
| 005 | 20070622163824.34 | |
| 010 | @a9787503419133@dCNY16.00 | |
| 100 | @a20070417d2007 km y0chiy0120 ea | |
| 101 | 0 | @achi |
| 102 | @aCN@b110000 | |
| 105 | @aa z 000yd | |
| 200 | 1 | @a大汉天娇窦太后@Ada han tian jiao dou tai hou@e图文版@f李古寅,张蕾编著@Fli gu yin,zhang lei bian zhu |
| 210 | @a北京@c中国文史出版社@d2007.01 | |
| 215 | @a198页@c图@d21cm | |
| 225 | 2 | @a盛世女杰史谜丛书@Asheng shi nu jie shi mi cong shu |
| 330 | @a本书是盛世女杰史谜丛书在参考了大量的历史文献的基础上,从政治智慧、爱情亲情、长寿养生三大方面对窦太后进行了追寻探讨。 | |
| 410 | 0 | @12001 @a盛世女杰史谜丛书 |
| 606 | 0 | @a皇太后@Ahuang tai hou@x生平事迹@y中国@z西汉时代 |
| 690 | @aK827@v4 | |
| 701 | 0 | @a李古寅@Ali gu yin@4编著 |
| 701 | 0 | @a张蕾@Azhang lei@4编著 |
| 801 | 0 | @aCN@c20070622 |
| 905 | @dK827@eL168 | |
| 大汉天娇窦太后:图文版/李古寅,张蕾编著.-北京:中国文史出版社,2007.01 |
| 198页:图;21cm.-(盛世女杰史谜丛书) |
| ISBN 9787503419133:CNY16.00 |
| 本书是盛世女杰史谜丛书在参考了大量的历史文献的基础上,从政治智慧、爱情亲情、长寿养生三大方面对窦太后进行了追寻探讨。 |
| ● |
| 相关链接 |
|
|
|
正题名:大汉天娇窦太后
索取号:K827/L168
 
预约/预借
| 序号 | 登录号 | 条形码 | 馆藏地/架位号 | 状态 | 备注 |
| 1 | 241483 | 202414832 | 社科二线400B/309社科库 56排5列3层/ [索取号:K827/L168] | 在馆 | |
| 2 | 241484 | 202414841 | 社科库309/309社科库 56排5列3层/ [索取号:K827/L168] | 在馆 | |
| 3 | 241485 | 202414850 | 社科库309/309社科库 56排5列3层/ [索取号:K827/L168] | 在馆 |